Spanish Verbs Quiz - Statistics

General Stats
  • This quiz has been taken 43 times
  • The average score is 10 of 11
Answer Stats
Hint Answer % Correct
Hablar Hablo
100%
Beber Bebo
97%
Comer Como
97%
Jugar Juego
95%
Tener Tengo
95%
Escribir Escribo
92%
Ser Soy
84%
Hacer Hago
82%
Ver Veo
82%
Ir Voy
76%
Lavarse Me lavo
50%
No matching quizzes found
Score Distribution
Percent of People with Each Score
Percentile by Number Answered
Your Score History
You have not taken this quiz